| 000 | 00352nam a2200145Ia 4500 | ||
|---|---|---|---|
| 008 | 230711s9999||||xx |||||||||||||| ||und|| | ||
| 041 | _aENG | ||
| 082 |
_a624 _bAR-G |
||
| 100 | _aArora,D.S | ||
| 245 | 0 | _aGeology for engineering | |
| 250 | _a5th Ed. | ||
| 260 |
_c1999 _aNew Delhi _bMohindra Capital Publishers |
||
| 650 | _aCivil Engineering | ||
| 942 | _cBK | ||
| 999 |
_c35 _d35 |
||